000
00287nam a2200121Ia 4500
008
190216s9999||||xx |||||||||||||| ||und||
100
_a
Jules Verne
245
0
_a
Round The World In Eighty Days
260
_b
E J Arnold & Son Ltd
_c
1956
300
_a
96p
650
_a
Novel
942
_c
BK
999
_c
11717
_d
11717